00210nam a2200097Ia 4500008004100000041000800041100001700049245001800066260000900084999001900093230508s1994 xx 000 0 und d aeng aJOSHI VIVEK. aKRIDADARSHAN. c1994 c709367d709367